SAT Words Click Quiz - T - Statistics

General Stats
  • This quiz has been taken 741 times
  • The average score is 10 of 15
Answer Stats
Hint Answer % Correct
Insignificant Trivial
86%
Tightly stretched Taut
83%
Surpassing normal limits Transcendent
83%
Shorten by cutting Truncate
83%
Cheap and gaudy Tawdry
82%
Concise, abrupt Terse
74%
Complete, exhaustive Thoroughgoing
71%
Easily managed Tractable
65%
Reckless boldness Temerity
62%
Swollen, inflated Turgid
60%
Cause of great suffering Tribulation
59%
Praise excessively Tout
58%
Distorted imitation Travesty
52%
Sluggish, lacking energy Torpid
51%
Depravity, wickedness Turpitude
50%
No matching quizzes found
Score Distribution
Percent of People with Each Score
Percentile by Number Answered
Your Score History
You have not taken this quiz